Integrovaná komunikace korporací

Guardado en:
Detalles Bibliográficos
Autor principal: Němec, Petr
Autor Corporativo: Vysoká škola ekonomická v Praze. Podnikohospodářská fakulta
Formato: Libro
Lenguaje:checo
Publicado: Praha VŠE v Praze, Nakladatelství Oeconomica 2006
Materias:
Etiquetas: Agregar Etiqueta
Sin Etiquetas, Sea el primero en etiquetar este registro!

MARC

LEADER 00000nam$a2200000$$$4500
001 0055027
005 20240223111711.9
020 |a 80-245-1027-8 
041 0 |a cze 
044 |a CZ 
245 1 0 |a Integrovaná komunikace korporací  |c Petr Němec 
264 1 |a Praha  |b VŠE v Praze, Nakladatelství Oeconomica  |c 2006 
300 |a 168 s. 
610 2 0 |a korporácie 
610 2 0 |a komunikácia 
610 2 0 |a komunikácia firemná 
610 2 0 |a mienka verejná 
610 2 0 |a médiá 
610 2 0 |a práca s verejnosťou 
610 2 0 |a podnik 
610 2 0 |a imidž 
610 2 0 |a identita podniková 
610 2 0 |a kultúra podniková 
610 2 0 |a značky výrobné 
610 2 0 |a reklama 
610 2 0 |a kríza 
610 2 0 |a komunikácia interná 
610 2 0 |a komunikácia multikultúrna 
610 2 0 |a komunikácia neverbálna 
100 1 |a Němec, Petr 
710 2 |a Vysoká škola ekonomická v Praze. Podnikohospodářská fakulta